| 000 | 00897cac a22002171u 4500 | ||
|---|---|---|---|
| 008 | 081117t1992 xxu||||| |||| 00| 0 eng d | ||
| 010 | _a 91042834 | ||
| 020 | _a0471934267 | ||
| 082 | 0 | 0 |
_a003 _bHIT |
| 100 |
_aHitchins, Derek K. _919707 |
||
| 245 | 1 | 0 |
_aPutting Systems to Work / _cDerek K. Hitchins. |
| 260 |
_aChichester ; _aNew York : _bWiley, _cc1992. |
||
| 300 |
_axv, 325 p. : _bill. ; _c24 cm. |
||
| 504 | _aIncludes bibliographical references (p. [317]-321) and index. | ||
| 511 | _aCatalogued By : Mahitab. | ||
| 650 | 0 |
_aSystem design. _919708 |
|
| 650 | 0 |
_aSystems engineering. _919709 |
|
| 942 |
_cBB _k003 HIT _2ddc |
||
| 999 |
_c5906 _d5906 |
||